<?xml version="1.0" encoding="UTF-8"?>
<record
    xmlns:xsi="http://www.w3.org/2001/XMLSchema-instance"
    xsi:schemaLocation="http://www.loc.gov/MARC21/slim http://www.loc.gov/standards/marcxml/schema/MARC21slim.xsd"
    xmlns="http://www.loc.gov/MARC21/slim">

  <leader>00704nam a22002177a 4500</leader>
  <controlfield tag="003">NALT</controlfield>
  <controlfield tag="005">20240426104536.0</controlfield>
  <controlfield tag="006">a|||p|r|||| 00| 0 </controlfield>
  <controlfield tag="007">ta</controlfield>
  <controlfield tag="008">240426b        th |||p| |||| 00| 0 tha d</controlfield>
  <datafield tag="040" ind1=" " ind2=" ">
    <subfield code="a">NALT</subfield>
  </datafield>
  <datafield tag="245" ind1="0" ind2="0">
    <subfield code="a">cornell Law Review</subfield>
  </datafield>
  <datafield tag="260" ind1=" " ind2=" ">
    <subfield code="a">Cornell University Ithaca, New York 14853</subfield>
  </datafield>
  <datafield tag="310" ind1=" " ind2=" ">
    <subfield code="a">&#xE23;&#xE32;&#xE22;&#xE2A;&#xE30;&#xE14;&#xE27;&#xE01;</subfield>
  </datafield>
  <datafield tag="500" ind1=" " ind2=" ">
    <subfield code="a">cornell Law Review &#xE17;&#xE14;&#xE41;&#xE17;&#xE19;&#xE27;&#xE32;&#xE23;&#xE2A;&#xE32;&#xE23; OXFORD JOURNAL OF LEGAL STUDIES &#xE17;&#xE35;&#xE48;&#xE44;&#xE21;&#xE48;&#xE44;&#xE14;&#xE49;&#xE23;&#xE31;&#xE1A;&#xE43;&#xE19;&#xE1B;&#xE35; &#xE04;.&#xE28;. 2023
</subfield>
  </datafield>
  <datafield tag="650" ind1=" " ind2="0">
    <subfield code="a">Law </subfield>
    <subfield code="z">United States</subfield>
    <subfield code="9">50994</subfield>
  </datafield>
  <datafield tag="850" ind1=" " ind2=" ">
    <subfield code="a">NALT</subfield>
  </datafield>
  <datafield tag="866" ind1=" " ind2=" ">
    <subfield code="a">Vol. 108 No.4 (May 2023)</subfield>
  </datafield>
  <datafield tag="942" ind1=" " ind2=" ">
    <subfield code="2">local</subfield>
    <subfield code="c">JNR</subfield>
    <subfield code="s">1</subfield>
  </datafield>
  <datafield tag="952" ind1=" " ind2=" ">
    <subfield code="0">0</subfield>
    <subfield code="1">0</subfield>
    <subfield code="2">lcc</subfield>
    <subfield code="4">0</subfield>
    <subfield code="7">0</subfield>
    <subfield code="8">CPER</subfield>
    <subfield code="a">NALT</subfield>
    <subfield code="b">NALT</subfield>
    <subfield code="c">JNR</subfield>
    <subfield code="d">2024-04-29</subfield>
    <subfield code="e">&#xE08;&#xE31;&#xE14;&#xE0B;&#xE37;&#xE49;&#xE2D;</subfield>
    <subfield code="h">Vol. 108 No. 4 (May 2023)</subfield>
    <subfield code="l">0</subfield>
    <subfield code="p">2900035375</subfield>
    <subfield code="r">2024-04-29</subfield>
    <subfield code="u">https://search-library.parliament.go.th/files/cover/Cover-journal/Cornell%20Law/Corness%20Law_v108n4.jpg</subfield>
    <subfield code="w">2024-04-29</subfield>
    <subfield code="y">JNR</subfield>
  </datafield>
  <datafield tag="952" ind1=" " ind2=" ">
    <subfield code="0">0</subfield>
    <subfield code="1">0</subfield>
    <subfield code="2">lcc</subfield>
    <subfield code="4">0</subfield>
    <subfield code="7">0</subfield>
    <subfield code="8">CPER</subfield>
    <subfield code="a">NALT</subfield>
    <subfield code="b">NALT</subfield>
    <subfield code="c">JNR</subfield>
    <subfield code="d">2024-05-24</subfield>
    <subfield code="e">&#xE08;&#xE31;&#xE14;&#xE0B;&#xE37;&#xE49;&#xE2D;</subfield>
    <subfield code="h">Vol. 109 No. 1 (December 2023)</subfield>
    <subfield code="l">0</subfield>
    <subfield code="p">2900035428</subfield>
    <subfield code="r">2024-05-24</subfield>
    <subfield code="u">https://search-library.parliament.go.th/files/cover/Cover-journal/Cornell%20Law/Corness%20Law_v109n1.jpg</subfield>
    <subfield code="w">2024-05-24</subfield>
    <subfield code="y">JNR</subfield>
  </datafield>
  <datafield tag="952" ind1=" " ind2=" ">
    <subfield code="0">0</subfield>
    <subfield code="1">0</subfield>
    <subfield code="2">lcc</subfield>
    <subfield code="4">0</subfield>
    <subfield code="7">0</subfield>
    <subfield code="8">CPER</subfield>
    <subfield code="a">NALT</subfield>
    <subfield code="b">NALT</subfield>
    <subfield code="c">JNR</subfield>
    <subfield code="d">2024-05-24</subfield>
    <subfield code="e">&#xE08;&#xE31;&#xE14;&#xE0B;&#xE37;&#xE49;&#xE2D;</subfield>
    <subfield code="h">Vol. 109 No. 2 (January 2024)</subfield>
    <subfield code="l">0</subfield>
    <subfield code="p">2900035429</subfield>
    <subfield code="r">2024-05-24</subfield>
    <subfield code="u">https://search-library.parliament.go.th/files/cover/Cover-journal/Cornell%20Law/Corness%20Law_v109n1.jpg</subfield>
    <subfield code="w">2024-05-24</subfield>
    <subfield code="y">JNR</subfield>
  </datafield>
  <datafield tag="952" ind1=" " ind2=" ">
    <subfield code="0">0</subfield>
    <subfield code="1">0</subfield>
    <subfield code="2">lcc</subfield>
    <subfield code="4">0</subfield>
    <subfield code="7">0</subfield>
    <subfield code="8">CPER</subfield>
    <subfield code="a">NALT</subfield>
    <subfield code="b">NALT</subfield>
    <subfield code="c">JNR</subfield>
    <subfield code="d">2024-05-24</subfield>
    <subfield code="e">&#xE08;&#xE31;&#xE14;&#xE0B;&#xE37;&#xE49;&#xE2D;</subfield>
    <subfield code="h">Vol. 109 No. 3 (March 2024)</subfield>
    <subfield code="l">0</subfield>
    <subfield code="p">2900035430</subfield>
    <subfield code="r">2024-05-24</subfield>
    <subfield code="u">https://search-library.parliament.go.th/files/cover/Cover-journal/Cornell%20Law/Corness%20Law_v109n1.jpg</subfield>
    <subfield code="w">2024-05-24</subfield>
    <subfield code="y">JNR</subfield>
  </datafield>
  <datafield tag="952" ind1=" " ind2=" ">
    <subfield code="0">0</subfield>
    <subfield code="1">0</subfield>
    <subfield code="2">lcc</subfield>
    <subfield code="4">0</subfield>
    <subfield code="7">0</subfield>
    <subfield code="8">CPER</subfield>
    <subfield code="a">NALT</subfield>
    <subfield code="b">NALT</subfield>
    <subfield code="c">JNR</subfield>
    <subfield code="d">2024-10-21</subfield>
    <subfield code="e">&#xE08;&#xE31;&#xE14;&#xE0B;&#xE37;&#xE49;&#xE2D;</subfield>
    <subfield code="h">Vol. 109 No. 4 (May 2024)</subfield>
    <subfield code="l">0</subfield>
    <subfield code="p">2900035697</subfield>
    <subfield code="r">2024-10-21</subfield>
    <subfield code="u">https://search-library.parliament.go.th/files/cover/Cover-journal/Cornell%20Law/Corness%20Law_v109n4.jpg</subfield>
    <subfield code="w">2024-10-21</subfield>
    <subfield code="y">JNR</subfield>
  </datafield>
  <datafield tag="952" ind1=" " ind2=" ">
    <subfield code="0">0</subfield>
    <subfield code="1">0</subfield>
    <subfield code="2">lcc</subfield>
    <subfield code="4">0</subfield>
    <subfield code="7">0</subfield>
    <subfield code="8">CPER</subfield>
    <subfield code="a">NALT</subfield>
    <subfield code="b">NALT</subfield>
    <subfield code="c">JNR</subfield>
    <subfield code="d">2024-11-22</subfield>
    <subfield code="e">&#xE08;&#xE31;&#xE14;&#xE0B;&#xE37;&#xE49;&#xE2D;</subfield>
    <subfield code="h">Vol. 109 No. 5 (July 2024)</subfield>
    <subfield code="l">0</subfield>
    <subfield code="p">2900035769</subfield>
    <subfield code="r">2024-11-22</subfield>
    <subfield code="u">https://search-library.parliament.go.th/files/cover/Cover-journal/Cornell%20Law/Corness%20Law_v109n5.jpg</subfield>
    <subfield code="w">2024-11-22</subfield>
    <subfield code="y">JNR</subfield>
  </datafield>
  <datafield tag="952" ind1=" " ind2=" ">
    <subfield code="0">0</subfield>
    <subfield code="1">0</subfield>
    <subfield code="2">lcc</subfield>
    <subfield code="4">0</subfield>
    <subfield code="7">0</subfield>
    <subfield code="8">CPER</subfield>
    <subfield code="a">NALT</subfield>
    <subfield code="b">NALT</subfield>
    <subfield code="c">JNR</subfield>
    <subfield code="d">2025-02-06</subfield>
    <subfield code="e">&#xE08;&#xE31;&#xE14;&#xE0B;&#xE37;&#xE49;&#xE2D;</subfield>
    <subfield code="h">Vol. 109 No. 6 (September 2024)</subfield>
    <subfield code="l">0</subfield>
    <subfield code="p">2900035919</subfield>
    <subfield code="r">2025-02-06</subfield>
    <subfield code="u">https://search-library.parliament.go.th/files/cover/Cover-journal/Cornell%20Law/Corness%20Law_v109n6.jpg</subfield>
    <subfield code="w">2025-02-06</subfield>
    <subfield code="y">JNR</subfield>
  </datafield>
  <datafield tag="952" ind1=" " ind2=" ">
    <subfield code="0">0</subfield>
    <subfield code="1">0</subfield>
    <subfield code="2">lcc</subfield>
    <subfield code="4">0</subfield>
    <subfield code="7">0</subfield>
    <subfield code="8">CPER</subfield>
    <subfield code="a">NALT</subfield>
    <subfield code="b">NALT</subfield>
    <subfield code="c">JNR</subfield>
    <subfield code="d">2025-04-11</subfield>
    <subfield code="e">&#xE08;&#xE31;&#xE14;&#xE0B;&#xE37;&#xE49;&#xE2D;</subfield>
    <subfield code="h">Vol. 109 No. 7 (November 2024)</subfield>
    <subfield code="l">0</subfield>
    <subfield code="p">2900036011</subfield>
    <subfield code="r">2025-04-11</subfield>
    <subfield code="u">https://search-library.parliament.go.th/files/cover/Cover-journal/Cornell%20Law/Corness%20Law_v109n7.jpg</subfield>
    <subfield code="w">2025-04-11</subfield>
    <subfield code="y">JNR</subfield>
  </datafield>
  <datafield tag="952" ind1=" " ind2=" ">
    <subfield code="0">0</subfield>
    <subfield code="1">0</subfield>
    <subfield code="2">lcc</subfield>
    <subfield code="4">0</subfield>
    <subfield code="7">0</subfield>
    <subfield code="8">CPER</subfield>
    <subfield code="a">NALT</subfield>
    <subfield code="b">NALT</subfield>
    <subfield code="c">JNR</subfield>
    <subfield code="d">2025-05-22</subfield>
    <subfield code="e">&#xE08;&#xE31;&#xE14;&#xE0B;&#xE37;&#xE49;&#xE2D;</subfield>
    <subfield code="h">Vol. 110 No. 1 (January 2025)</subfield>
    <subfield code="l">0</subfield>
    <subfield code="p">2900036078</subfield>
    <subfield code="r">2025-05-23</subfield>
    <subfield code="u">https://search-library.parliament.go.th/files/cover/Cover-journal/Cornell%20Law/Corness%20Law_v110n1.jpg</subfield>
    <subfield code="w">2025-05-22</subfield>
    <subfield code="y">JNR</subfield>
  </datafield>
  <datafield tag="952" ind1=" " ind2=" ">
    <subfield code="0">0</subfield>
    <subfield code="1">0</subfield>
    <subfield code="2">lcc</subfield>
    <subfield code="4">0</subfield>
    <subfield code="7">0</subfield>
    <subfield code="8">CPER</subfield>
    <subfield code="a">NALT</subfield>
    <subfield code="b">NALT</subfield>
    <subfield code="c">JNR</subfield>
    <subfield code="d">2025-06-20</subfield>
    <subfield code="e">&#xE08;&#xE31;&#xE14;&#xE0B;&#xE37;&#xE49;&#xE2D;</subfield>
    <subfield code="h">Vol. 110 No. 2 (March 2025)</subfield>
    <subfield code="l">0</subfield>
    <subfield code="p">2900036141</subfield>
    <subfield code="r">2025-06-20</subfield>
    <subfield code="u">https://search-library.parliament.go.th/files/cover/Cover-journal/Cornell%20Law/Corness%20Law_v110n2.jpg</subfield>
    <subfield code="w">2025-06-20</subfield>
    <subfield code="y">JNR</subfield>
  </datafield>
  <datafield tag="996" ind1=" " ind2=" ">
    <subfield code="a">jintana.i</subfield>
    <subfield code="b">SERSTF</subfield>
    <subfield code="c">2024-04-26</subfield>
  </datafield>
  <datafield tag="999" ind1=" " ind2=" ">
    <subfield code="c">105123</subfield>
    <subfield code="d">105123</subfield>
  </datafield>
  <datafield tag="998" ind1=" " ind2=" ">
    <subfield code="j">755</subfield>
    <subfield code="k"> &#xE08;&#xE34;&#xE19;&#xE15;&#xE19;&#xE32;  &#xE40;&#xE2D;&#xE35;&#xE48;&#xE22;&#xE21;&#xE04;&#xE07;</subfield>
  </datafield>
</record>
